000 00761nam a2200193Ia 4500
008 0000001993 usa 0000000000eng00
090 _aPSP00 K72s
110 1 _aKreisler Gallery. Coral Gables
245 1 0 _aSix spanish masters
_c/ Kreisler Gallery
300 _a[16] p.
_c/ 31 cm.
500 _aCon el patronazgo del maestro venezolano Jesús Rafael Soto (q.e.p.d.) \Registro auspiciado por el IDCT. Bogotá
505 _aFlorencio Aguilera Camacho Andrés Landin Ysasia Lapayese del Río Roberto Liang Onandía
650 1 4 _aARTE CONTEMPORANEO ESPAÑOL
650 1 4 _xCATALOGOS
650 1 4 _xEXPOSICIONES
650 1 4 _aPINTORES ESPAÑOLES
650 1 4 _aPINTURA ESPAÑOLA
999 _c3032
_d3032
260 _aCoral Gables : Kreisler Art Gallery \
_c1993